Jones Lang LaSalle index reveals prime conditions for borrowing (Record no. 83645)
[ view plain ]
| 000 -LEADER | |
|---|---|
| fixed length control field | 00998cab a22001935a 4500 |
| 001 - CONTROL NUMBER | |
| control field | L154515 |
| 008 - FIXED-LENGTH DATA ELEMENTS--GENERAL INFORMATION | |
| fixed length control field | 111220e2011 xxk 000 0 eng d |
| 035 ## - SYSTEM CONTROL NUMBER | |
| System control number | (Sirsi) u154515 |
| 041 0# - LANGUAGE CODE | |
| Language code of text/sound track or separate title | eng |
| 110 2# - MAIN ENTRY--CORPORATE NAME | |
| Corporate name or jurisdiction name as entry element | Property Week |
| 9 (RLIN) | 1549 |
| 245 00 - TITLE STATEMENT | |
| Title | Jones Lang LaSalle index reveals prime conditions for borrowing |
| 260 ## - PUBLICATION, DISTRIBUTION, ETC. | |
| Date of publication, distribution, etc. | 2011 |
| 490 #0 - SERIES STATEMENT | |
| Series statement | Property Week |
| Volume/sequential designation | 77(50) 16 December 2011, 19(1) |
| 520 ## - SUMMARY, ETC. | |
| Summary, etc. | The "JLL Corporate Finance Property Week Index", formerly known as the "King Sturge Property Week Index", has been renamed and recalculated for September 2011. The index measures the amount that can be lent or borrowed on UK commercial property with reference to prevailing investment yields and interest rates. The current index shows that conditions are excellent for those with good banking connections. Graph covers Q1 2008 until Q3 2011. |
| 590 ## - LOCAL NOTE (RLIN) | |
| Local note | KA |
| 651 #4 - SUBJECT ADDED ENTRY--GEOGRAPHIC NAME | |
| Geographic name | United Kingdom |
| Chronological subdivision | |
| 690 ## - LOCAL SUBJECT ADDED ENTRY--TOPICAL TERM (OCLC, RLIN) | |
| Topical term or geographic name as entry element | PROPERTY-COMMERCIAL PROPERTY-COMMERCIAL PROPERTY FINANCE AND INVESTMENT |
| 942 ## - ADDED ENTRY ELEMENTS (KOHA) | |
| Suppress in OPAC | 0 |
| Withdrawn status | Lost status | Source of classification or shelving scheme | Damaged status | Not for loan | Home library | Current library | Shelving location | Date acquired | Total Checkouts | Full call number | Barcode | Date last seen | Copy number | Price effective from | Koha item type |
|---|---|---|---|---|---|---|---|---|---|---|---|---|---|---|---|
| Dewey Decimal Classification | London | London | Journal article | 18/12/2011 | L154515 | 154515-1001 | 06/08/2019 | 1 | 06/08/2019 | Journal article |